Los 10 mejores futbolistas masculinos del mundo 2024 - Sudden Death - Estadísticas

Estadísticas generales
  • Esta prueba ha sido intentada 163 veces
  • La puntuación promedio es 6 de 10
Answers on the Grid
Answers color-coded by a green-red scale on the quiz's grid according to % correct below.
Robert Lewandowski Barcelona
Jude Bellingham Real Madrid
Emiliano Martínez Aston Villa
Harry Kane Bayern Munchen
Dani Carvajal Real Madrid
Florian Wirtz Bayer Leverkusen
Raphinha Barcelona
Lamine Yamal Barcelona
Vinícius Júnior Real Madrid
Lautaro Martínez Inter
Ademola Lookman Atalanta
Kylian Mbappé Real Madrid
Antonio Rüdiger Real Madrid
Rodri Manchester City
Erling Haaland Manchester City
 
Estadísticas de respuestas
Respuesta % Correcto
Jude Bellingham Real Madrid
87%
Vinícius Júnior Real Madrid
77%
Rodri Manchester City
76%
Erling Haaland Manchester City
69%
Kylian Mbappé Real Madrid
67%
Lamine Yamal Barcelona
62%
Dani Carvajal Real Madrid
58%
Harry Kane Bayern Munchen
52%
Lautaro Martínez Inter
47%
Florian Wirtz Bayer Leverkusen
45%
No se encontraron pruebas coincidentes
Distribución de puntuación
Porcentaje de gente con cada puntuación
Porcentaje por número respondido
Historial de tus puntuaciones
No has intentado esta prueba.